Brány novým proudům dokořán
Stručný životopis a základné rysy ekonomického myslenia Josefa Macka. Politická angažovanosť.
Gespeichert in:
| 1. Verfasser: | |
|---|---|
| Format: | Buchkapitel |
| Sprache: | Tschechisch |
| Schlagworte: | |
| Tags: |
Keine Tags, Fügen Sie das erste Tag hinzu!
|
MARC
| LEADER | 00000naa a2200000 4500 | ||
|---|---|---|---|
| 001 | r035983 | ||
| 005 | 20230920095948.8 | ||
| 041 | 0 | |a cze | |
| 044 | |a CZ | ||
| 245 | 1 | 0 | |a Brány novým proudům dokořán |c František Vencovský |
| 520 | |a Stručný životopis a základné rysy ekonomického myslenia Josefa Macka. Politická angažovanosť. | ||
| 610 | 2 | 0 | |a teórie ekonomické |
| 610 | 2 | 0 | |a životopisy |
| 610 | 2 | 0 | |a ekonómovia |
| 610 | 2 | 0 | |a politika sociálna |
| 610 | 2 | 0 | |a Macek, J. |
| 100 | 1 | |a Vencovský, František | |